|
|
|
|
| LEADER |
00000nam0a2200000 4500 |
| 001 |
306588 |
| 005 |
20231102001917.0 |
| 035 |
|
|
|a (RuTPU)RU\TPU\book\331865
|
| 035 |
|
|
|a RU\TPU\book\331863
|
| 090 |
|
|
|a 306588
|
| 100 |
|
|
|a 20151008d1983 km y0rusy50 ca
|
| 101 |
0 |
|
|a rus
|
| 102 |
|
|
|a GE
|
| 105 |
|
|
|a a z 001zy
|
| 200 |
1 |
|
|a Машины и установки пищевой промышленности и холодильной техники
|f Грузинский государственный политехнический институт им. В. И. Ленина ; под ред. А. Н. Какалашвили
|
| 210 |
|
|
|a Тбилиси
|c Изд-во Грузинского политехнического института им. В. И. Ленина
|d 1983
|
| 215 |
|
|
|a 52 с.
|c ил.
|
| 225 |
1 |
|
|a Труды Грузинского политехнического института
|i Сборник научных трудов
|v № 1(258)
|
| 320 |
|
|
|a Библиогр. в конце ст.
|
| 606 |
1 |
|
|a Пищевая промышленность
|2 stltpush
|3 (RuTPU)RU\TPU\subj\33648
|9 55824
|
| 606 |
1 |
|
|a Холодильная техника в целом
|2 stltpush
|3 (RuTPU)RU\TPU\subj\17486
|9 43112
|
| 610 |
1 |
|
|a оборудование
|
| 610 |
1 |
|
|a схемы
|
| 610 |
1 |
|
|a методы
|
| 610 |
1 |
|
|a расчеты
|
| 610 |
1 |
|
|a пищевое сырье
|
| 610 |
1 |
|
|a переработка
|
| 610 |
1 |
|
|a хранение
|
| 675 |
|
|
|a 664
|v 4
|
| 675 |
|
|
|a 621.56
|v 4
|
| 702 |
|
1 |
|a Какалашвили
|b А. Н.
|4 340
|
| 712 |
0 |
2 |
|a Грузинский государственный политехнический институт им. В. И. Ленина
|c (Тбилиси)
|c (1959-1990)
|2 stltpush
|3 (RuTPU)RU\TPU\col\13604
|9 25717
|
| 801 |
|
1 |
|a RU
|b 63413507
|c 20151008
|
| 801 |
|
2 |
|a RU
|b 63413507
|c 20190710
|g RCR
|
| 942 |
|
|
|c BK
|